Gerulata

Bibliographic Details
Other Authors: Krošláková, Ivica, 1943- (auv), Meliš, Juraj, 1942-2016 (auv), Mollerová, Mária (auv, gup), Saparová, Jana (fot), Lörincz, Ján, 1950- (fot), Marenčin, Martin, 1956- (fot)
Format: Book
Language:Slovak
PhysicalDescription:[88] s. čiernobiele a fareb. fotogr. 30 cm
Published: Bratislava MARPO - Mária Mollerová 1999
ISBN:8096825402
Subjects:

MARC

LEADER 00000nam a2200000 a 4500
001 vtls001384018
003 SK-MaSNL
005 20260301161435.0
008 160322s1999 xo acb r yy 0 slo
015 |a SNBE2000/02-00627 
020 |a 8096825402 
035 |a SNK000338120 
040 |a SNK  |b slo  |c SNK  |e AACR2 
041 0 |a slo 
044 |a xo  |c SK 
080 |a 061.25:73/76(085)"1989/1999"  |2 1981 
080 |a 73/76  |2 1981 
245 1 |a Gerulata  |c texty Ivica Krošláková, Juraj Meliš, Mária Mollerová ; foto Jana Saparová, Ján Lörincz, Martin Marenčin ; grafický dizajn Mária Mollerová 
260 |a Bratislava  |b MARPO - Mária Mollerová  |c 1999 
300 |a [88] s.  |b čiernobiele a fareb. fotogr.  |c 30 cm 
500 |a Katalóg k 10. výročiu združenia Gerulata 
500 |a Text čiast. angl. 
504 |a Biogr. údaje 
610 0 7 |a Gerulata (združenie : Bratislava, Slovensko)  |y 1989-19999  |x pamätnice  |2 SNK  |9 524456 
655 7 |a výročné správy  |2 SNK  |9 70580 
700 1 |a Krošláková, Ivica,  |d 1943-  |4 auv  |9 133094 
700 1 |a Meliš, Juraj,  |d 1942-2016  |4 auv  |9 53991 
700 1 |a Mollerová, Mária  |4 auv  |4 gup  |9 45842 
700 1 |a Saparová, Jana  |4 fot  |9 380865 
700 1 |a Lörincz, Ján,  |d 1950-  |4 fot  |9 257121 
700 1 |a Marenčin, Martin,  |d 1956-  |4 fot  |9 90522 
919 |a 80-968254-0-2 
958 |a TL 
958 |a BX 
999 |c 809473  |d 811403 
952 |t P60, <09>, [BOOK], {629}  |a SNK  |b SNK  |y NEVYP  |7 0  |o snkB 90  |i snk329/20000309  |0 0  |1 0  |4 0  |d 2000-03-03  |l 0  |r 2005-01-02 00:00:00  |w 2026-02-24 
952 |t P60, <03>, [BOOK], {603}  |a SNK  |b SNK  |y PREZ  |7 0  |p 17A0230697  |o snkOSB 12437  |i snkKSP 2603/2000  |0 0  |1 0  |4 0  |d 2000-03-03  |l 0  |r 2005-01-02 00:00:00  |w 2026-02-24 
952 |t P60, <04>, [BOOK], {604}  |a SNK  |b SNK  |y VYP  |7 0  |p 17A0230698  |o snkOSB 12437 D1  |i snkKSP 2604/2000  |0 0  |1 0  |4 0  |d 2000-03-03  |l 0  |r 2005-01-02 00:00:00  |w 2026-02-24